000 00541 a2200181 4500
003 OSt
005 20240205115607.0
008 240205b |||||||| |||| 00| 0 eng d
020 _a9789382934653
040 _coclc
082 _a970.1
_bGAN/R
100 _aGangadharan, C V
_91942
245 _aRed Indians : American Adivasikalude Durithakalangal /
_cC. V. Gangadharan
250 _a1st ed.
260 _aKOZHIKODE:
_bOLIVE PUBLICATIONS,
_c2014.
300 _a98P.
942 _2ddc
_cBK
_h970.1
_iGAN/R
_k970.1
_mGAN/R
999 _c44279
_d44279